| 000 | 00764nam a2200217 i 4500 | ||
|---|---|---|---|
| 001 | 84510 | ||
| 003 | ES-MaACL | ||
| 005 | 20250820215423.0 | ||
| 007 | t| | ||
| 008 | 041123s1970 sp ||||1| spa d | ||
| 100 | 1 |
_aJohansen, Leif. _966722 |
|
| 245 | 1 | 3 |
_aEconomía pública / _cLeif Johansen ; prólogo de Enrique Fuentes Quintana ; traducción de Gabriel Martínez Deixamps ; revisión Victorio Valle Sánchez. |
| 250 | _a[1ª ed.]. | ||
| 260 |
_a[Barcelona] : _bVicens-Vives, _c[1970] |
||
| 300 |
_aXXIII, 341 p. ; _c22 cm. |
||
| 700 | 1 |
_aFuentes Quintana, Enrique, _d1924-2007 _952942 |
|
| 700 | 1 |
_aMartínez Deixamps, Gabriel. _978041 |
|
| 700 | 1 |
_aValle Sánchez, Victorio. _9112819 |
|
| 852 |
_aES-MaACL _jC-56277 _bR.89146 |
||
| 999 |
_c84510 _d84510 |
||